Národná identita v debate o európskej budúcnosti Islandu bakalárska práca

Gespeichert in:
Bibliographische Detailangaben
1. Verfasser: Rosinská, Ivana
Körperschaft: Fakulta medzinárodných vzťahov EU. Katedra medzinárodných politických vzťahov
Weitere Verfasser: Chuguryan, Simona, 1977-
Format: Buch
Sprache:Slowakisch
Veröffentlicht: Bratislava 2022
Tags: Tag hinzufügen
Keine Tags, Fügen Sie das erste Tag hinzu!

MARC

LEADER 00000nbm a2200000 4500
001 0287439
005 20230404091910.0
041 0 |a slo 
044 |a SK 
245 1 0 |a Národná identita v debate o európskej budúcnosti Islandu  |b bakalárska práca  |c Ivana Rosinská ; školiteľ: Simona Chuguryan 
264 1 |a Bratislava  |c 2022 
300 |a 54 s. 
100 1 |a Rosinská, Ivana 
700 1 |a Chuguryan, Simona, 1977- 
710 2 |a Fakulta medzinárodných vzťahov EU. Katedra medzinárodných politických vzťahov